LEADER 00997cam2 22002531 450 001 SOBE00041219 005 20140311120439.0 100 $a20140311d1897 |||||ita|0103 ba 101 $aita$alat 102 $aIT 200 1 $a<<3: >>Libro 3. e 4.$f[Titus Lucretius Carus] 210 $aTorino$cLoescher$d1897 215 $a291 p.$d21 cm 461 1$1001SOBE00041208$12001 $aT. Lucreti Cari De rerum natura libri sex / revisione del testo, commento e studi introduttivi di Carlo Giussani$v3 700 1$aLucretius Carus$b, Titus$3SOBA00002459$4070$071848 801 0$aIT$bUNISOB$c20140311$gRICA 850 $aUNISOB 852 $aUNISOB$jFondo|Cosenza$m161925.. 912 $aSOBE00041219 940 $aM 102 Monografia moderna SBN 941 $aM 957 $aFondo|Cosenza$b001126$i-3$fRilegato con: Fondo Cosenza 1126,2 e Fondo Cosenza 1126,4$gSI$d161925..$hCosenza$rdono$tN$1menle$2UNISOB$3UNISOB$420140311120507.0$520140311120609.0$6menle 996 $aLibro 3. e 4$91712324 997 $aUNISOB LEADER 01790oam 2200493M 450 001 9910716515003321 005 20210706135249.0 035 $a(CKB)5470000002523009 035 $a(OCoLC)1065609803 035 $a(OCoLC)995470000002523009 035 $a(EXLCZ)995470000002523009 100 $a20071213d1926 ua 0 101 0 $aeng 135 $aurcn||||||||| 181 $ctxt$2rdacontent 182 $cc$2rdamedia 183 $acr$2rdacarrier 200 10$a"For Fulfilling Treaty Stipulations with Various Indian Tribes, and for Other Purposes." June 23, 1926. -- Ordered to be printed 210 1$a[Washington, D.C.] :$c[U.S. Government Printing Office],$d1926. 215 $a1 online resource (2 pages) 225 1 $aSenate report / 69th Congress, 1st session. Senate ;$vno. 1131 225 1 $a[United States congressional serial set] ;$v[serial no. 8526] 300 $aBatch processed record: Metadata reviewed, not verified. Some fields updated by batch processes. 300 $aFDLP item number not assigned. 606 $aIndian reservations 606 $aLegislative amendments 606 $aMineral lands 606 $aMining claims 606 $aMining leases 608 $aLegislative materials.$2lcgft 615 0$aIndian reservations. 615 0$aLegislative amendments. 615 0$aMineral lands. 615 0$aMining claims. 615 0$aMining leases. 701 $aAshurst$b Henry Fountain$f1874-1962$pDemocrat (AZ)$01392846 801 0$bWYU 801 1$bWYU 801 2$bOCLCO 801 2$bOCLCQ 906 $aBOOK 912 $a9910716515003321 996 $a"For Fulfilling Treaty Stipulations with Various Indian Tribes, and for Other Purposes." June 23, 1926. -- Ordered to be printed$93528726 997 $aUNINA